Analýza rozdelenia dôchodkov na základe odvetvovo členského modelu výskumná správa

Gespeichert in:
Bibliographische Detailangaben
Format: Buch
Sprache:Slowakisch
Veröffentlicht: Bratislava Výskumné výpočtové stredisko 1980
Schriftenreihe:Výskumné práce č. 184
Tags: Tag hinzufügen
Keine Tags, Fügen Sie das erste Tag hinzu!

MARC

LEADER 00000nam a2200000 4500
001 c142111
005 20041019155323.9
041 0 |a slo 
044 |a SK 
245 1 0 |a Analýza rozdelenia dôchodkov na základe odvetvovo členského modelu  |b výskumná správa 
264 1 |a Bratislava  |b Výskumné výpočtové stredisko  |c 1980 
300 |a 183 s. 
490 1 |a Výskumné práce  |v č. 184 
830 0 |a Výskumné práce  |v č. 184